000 00668nam a2200205 4500
003 OSt
005 20240725055458.0
006 a
008 240725b |||||||| |||| 00| 0 eng d
020 _a9789710110681
040 _aDWCL-Main lib.
_cOC
082 _22010 first edition
_aFil. 331.25 V718g 2010
100 _aVillanueva, Elvin B.
245 _aGuide to valid dismissal of employees : the HR practitioners handbook /
250 _a2010 first edition
260 _aQuezon City:
_bCentral Book Supply, Inc.,
_cc2010.
300 _axxiv,
_b245 p. ;
_c23 cm.
650 _a1. Employees-Dismissal-Guidebooks.
942 _2ddc
_n0
_cBK - FIL
_e2010 first edition
_kFil.
999 _c2728
_d2728